00323nam a22001337a 4500020001800000082001600018100002000034245002100054260004100075300001300116500001800129650002200147700002000169 a9789380027555 a621.381 MAN aManhas Pratima  aMicroelectronics aNew Delhi India bS.K.Kataria c2009 a469bP.B aInclude index aMicroelectronics  aPratima Manhas